Регионална библиотека "Любен Каравелов" - Русе

Гарсия Лорка (Запис номер 186712)

MARC детайли
000 -Лидер
Контролно поле с фиксирана дължина 01721nam a2200373 c 4500
003 - Код на организацията, давaща контролен номер
Контролно поле BLK
005 - Дата и час на последна редакция
Контролно поле 20220616160026.0
008 - Елементи от данни с фиксирана дължина
fixed length control field 180411b bul|||||r ||||||| ||bul||
010 ## - Наследен системен номер
LC control number KNG00195708000
040 ## - Източник на каталожния запис
Идентификатор на билиотеката - собственик на записа BLK
041 ## - Код за език
Код за езика на текст/звукозапис или на отделно заглавие Български
Код за езика КДБФ Български
080 ## - УДК
Текстов определител УДК Руска литература
УДК код - определител по УДК 821.161.1
УДК определител -31-312.6
УДК - код + определител 821.161.1-31-312.6
080 ## - УДК
Текстов определител УДК Испанска литература
УДК код - определител по УДК 821.134.2
УДК определител (092)
УДК - код + определител 821.134.2(092)
080 ## - УДК
Текстов определител УДК Испански поет и драматург
УДК код - определител по УДК 929 Гарсия Лорка, Федерико
УДК - код + определител 929 Гарсия Лорка, Федерико
100 1# - Редна дума - Автор
Автор Осповат, Лев Самойлович
Авторска отговорност първи автор
R(LIN) 105015
139 ## - Редно поле
Редна дума Осповат, Лев Самойлович
Авторски знак Гар - Г 23
245 10 - Сведения за заглавието
Заглавие Гарсия Лорка
Подзаглавни данни Романизирана биогр.
Редно поле (дума) Лев Самойлович Осповат; прев. от рус. Симеон Владимиров; * Федерико Гарсия Лорка.
257 ## - Страна на издаване
Страна на създаване/издаване СССР
260 ## - Област на издателските данни
Място на издаване, разпространение и проч. София
Име на издателя, разпространителя и проч. Нар. култура
Година на издаване 1968
300 ## - Физическа характеристика
Страници 384 с.
Илюстрации и др. 10 л. портр., 5 л. ил.
Размери/Мащаб 21 см
380 ## - Жанр
Жанр Худож. лит.
490 1# - СЕРИИ (Колекции)
Име на серия Библиотека Световни образи
600 14 - Име на лице, използвано като предмет
За него / За нея Гарсия Лорка, Федерико
9 (RLIN) 367210
650 #4 - Допълнително описание по предмет – тема
Основно описание – тема или топоним Гарсия Лорка, Федерико
9 (RLIN) 367210
653 ## - Ключова дума – ненормативна
Ключова дума романизувани биографии
700 1# - Други автори (авторска отговорност)
Лично име Владимиров, Симеон
Автороска отговорност (Описва отношението между автора и произведението) прев. от рус.
9 (RLIN) 364915
700 1# - Други автори (авторска отговорност)
Лично име Гарсия Лорка, Федерико
Автороска отговорност (Описва отношението между автора и произведението) *
9 (RLIN) 367210
852 ## - Местоположение
Форматна сигнатура Цб 46709
Фондова буква Хранилище
999 ## - СИСТЕМНИ КОНТРОЛНИ НОМЕРА
Koha biblionumber 186712
Koha biblioitemnumber 186712
942 ## - АРТИКУЛИ
Вид на библиотечния материал Книги
Скрит в OPAC Не
Периодичен библиозапис Да
944 ## - СЪЗДАВАНЕ И РЕДАКЦИЯ на ЗАПИСА
Създаване/Редакция Създаване
Дата на регистрацията/редакция 10.11.2016
Служител, извършил регистрацията/редакцията Севдалина_Василева
944 ## - СЪЗДАВАНЕ И РЕДАКЦИЯ на ЗАПИСА
Създаване/Редакция Редакция
Дата на регистрацията/редакция 2022-06-16
Служител, извършил регистрацията/редакцията СТ
999 ## - СИСТЕМНИ КОНТРОЛНИ НОМЕРА
Koha biblioitemnumber 186712
Наличности
Код за отписване Код за изгубен артикул Източник на класификационната схема Код за повреда Коз за рестрикции Код за отдаване Артикулен № Име на библиотеката - собственик Име на библиотеката, в която се намира в момента Статус (Текущо местоположение) Дата на вписване в системата Местоположение - отдел Цена в лева Инвентарен номер Систематично азбучна сигнатура Баркод Номер на екземпляра Цена в евро Служебна бележка Служебен тип на артикула
  Не е изгубен Universal Decimal Classification Не е повреден без рестрикции ползва се в читалня 325393 Регионална библиотека "Любен Каравелов" Русе Регионална библиотека "Любен Каравелов" Русе Хранилище 1968-01-01 Хранилище 2.01 12286/68 Цб 46709 900000101784 1 1.03 Дост: Dp Вид: Д N: стар фонд Дата: 01.01.1968 Книги
Изтеглен Не е изгубен Universal Decimal Classification Не е повреден без рестрикции заемане за дома 325394 Регионална библиотека "Любен Каравелов" Русе Регионална библиотека "Любен Каравелов" Русе Заемна - подръчен фонд 1968-01-01 Заемна - подръчен фонд 0.00 12936/68 П 882-31/Г 23 12936/68 2 0.00 Дост: Pk Вид: Ф N: стар фонд Дата: 01.01.1968 Книги
Изтеглен Не е изгубен Universal Decimal Classification Не е повреден без рестрикции заемане за дома 325395 Регионална библиотека "Любен Каравелов" Русе Регионална библиотека "Любен Каравелов" Русе Заемна - подръчен фонд 1968-01-01 Заемна - подръчен фонд 2.01 12937/68 П 882-31/Г 23 12937/68 3 1.03 Дост: Pk Вид: Ф N: стар фонд Дата: 01.01.1968 Дата инв: 09.02.2018 Бележки инв: П2018 Книги
Изтеглен Не е изгубен Universal Decimal Classification Не е повреден без рестрикции заемане за дома 325396 Регионална библиотека "Любен Каравелов" Русе Регионална библиотека "Любен Каравелов" Русе Заемна - подръчен фонд 1968-01-01 Заемна - подръчен фонд 2.01 565714 П 882-31/Г 23 565714 4 1.03 Дост: Pk Вид: Ф N: стар фонд Дата: 01.01.1968 Дата инв: 09.02.2018 Бележки инв: П2018 Книги
Vip Innovations Ltd, Rousse, Bulgaria 2025